Movies Quiz

Random Movies Quiz
Score 0/20 Timer 07:00
1 Play Today
Hint Answer % Correct
Anchorman: The Legend of Ron Burgundy
94%
The Devil Wears Prada
87.7%
The Social Network
74.5%
Office Space
73.2%
Bridget Jones's Diary
61.8%
Wall Street
61.5%
Clerks.
59%
One Hour Photo
50.4%
9 to 5
44.9%
The Internship
44.1%
Hint Answer % Correct
Horrible Bosses
43.3%
Network
41.8%
Working Girl
40.4%
High Fidelity
40.3%
Secretary
29.2%
Glengarry Glen Ross
26.2%
Modern Times
25.6%
Wanted
17.6%
Broadcast News
15.3%
The Apartment
8.5%
Remove Ads.
Support Sporcle.
Get the best of Sporcle when you Go Orange. This ad-free experience offers more features, more stats, and more fun while also helping to support Sporcle. Thank you for becoming a member.

You're not logged in!

Compare scores with friends on all Sporcle quizzes.
OR
Log In

Sporcle TV

Today on Sporcle TV


Watch our educational content, quiz creation guides, and fun videos on Sporcle TV.

Show Comments

Extras

Top Quizzes Today


Score Distribution

Paid Content

Your Account Isn't Verified!

In order to create a playlist on Sporcle, you need to verify the email address you used during registration. Go to your Sporcle Settings to finish the process.

Report this User

Report this user for behavior that violates our Community Guidelines.

Details: